Radiation from a charge drifting along a cylindrical channel; Nuclear Instruments and Methods in Physics Research Section B: Beam Interactions with Materials and Atoms; Vol. 512

Bibliografiske detaljer
Parent link:Nuclear Instruments and Methods in Physics Research Section B: Beam Interactions with Materials and Atoms
Vol. 512.— 2022.— [5 p.]
Hovedforfatter: Epp V. Ya. Vladimir Yakovlevich
Institution som forfatter: Национальный исследовательский Томский политехнический университет Инженерная школа неразрушающего контроля и безопасности Центр промышленной томографии Научно-производственная лаборатория "Бетатронная томография крупногабаритных объектов"
Andre forfattere: Janz Yu. G. Yuliya Gennadjevna
Summary:Title screen
Radiation of a charged particle moving in a cylindrical channel with elastic walls is studied. We assume that the particle in the channel is in free motion, periodically colliding with the channel wall. Explicit expressions for the spectrum and angular distribution of radiation are obtained. These results can be used to calculate the spectrum and radiation intensity of charged particles in carbon nanotubes of relatively great diameter. The emission spectrum is essentially a bremsstrahlung one, however, periodic collisions of the particle with the wall lead to coherent amplification of radiation at frequencies that are multiples of the collision frequency. If a beam of particles is channeled, then the multiple spectral lines merge into a continuous spectrum.
Режим доступа: по договору с организацией-держателем ресурса
Sprog:engelsk
Udgivet: 2022
Fag:
Online adgang:https://doi.org/10.1016/j.nimb.2021.11.019
Format: Electronisk Book Chapter
KOHA link:https://koha.lib.tpu.ru/cgi-bin/koha/opac-detail.pl?biblionumber=666627

MARC

LEADER 00000naa0a2200000 4500
001 666627
005 20250217170049.0
035 |a (RuTPU)RU\TPU\network\37831 
035 |a RU\TPU\network\37358 
090 |a 666627 
100 |a 20220117d2022 k||y0rusy50 ba 
101 0 |a eng 
102 |a NL 
135 |a drcn ---uucaa 
181 0 |a i  
182 0 |a b 
200 1 |a Radiation from a charge drifting along a cylindrical channel  |f V. Ya. Epp, Yu. G. Janz 
203 |a Text  |c electronic 
300 |a Title screen 
320 |a [References: 18 tit.] 
330 |a Radiation of a charged particle moving in a cylindrical channel with elastic walls is studied. We assume that the particle in the channel is in free motion, periodically colliding with the channel wall. Explicit expressions for the spectrum and angular distribution of radiation are obtained. These results can be used to calculate the spectrum and radiation intensity of charged particles in carbon nanotubes of relatively great diameter. The emission spectrum is essentially a bremsstrahlung one, however, periodic collisions of the particle with the wall lead to coherent amplification of radiation at frequencies that are multiples of the collision frequency. If a beam of particles is channeled, then the multiple spectral lines merge into a continuous spectrum. 
333 |a Режим доступа: по договору с организацией-держателем ресурса 
461 |t Nuclear Instruments and Methods in Physics Research Section B: Beam Interactions with Materials and Atoms 
463 |t Vol. 512  |v [5 p.]  |d 2022 
610 1 |a электронный ресурс 
610 1 |a труды учёных ТПУ 
610 1 |a channeling 
610 1 |a radiation 
610 1 |a spectrum 
610 1 |a charged particle 
610 1 |a carbon nanotubes 
610 1 |a радиация 
610 1 |a спектры 
610 1 |a заряженные частицы 
610 1 |a углеродные нанотрубки 
700 1 |a Epp  |b V. Ya.  |g Vladimir Yakovlevich 
701 1 |a Janz  |b Yu. G.  |c specialist in the field of material science  |c Associate Scientistof Tomsk Polytechnic University, Candidate of physical and mathematical sciences  |f 1986-  |g Yuliya Gennadjevna  |3 (RuTPU)RU\TPU\pers\38480  |9 20795 
712 0 2 |a Национальный исследовательский Томский политехнический университет  |b Инженерная школа неразрушающего контроля и безопасности  |b Центр промышленной томографии  |b Научно-производственная лаборатория "Бетатронная томография крупногабаритных объектов"  |3 (RuTPU)RU\TPU\col\23717 
801 2 |a RU  |b 63413507  |c 20220128  |g RCR 
856 4 |u https://doi.org/10.1016/j.nimb.2021.11.019 
942 |c CF